Paris en chanson - Statistiques

Statistiques générales
  • Ce quiz a été pris 25 fois
  • Le résultat moyen est 7 sur 17
Statistiques - réponses
Interprète Paroles Titre % Correct
Vanessa Paradis et Matthieu Chedid Tu n'es pas saoul. Paris est sous La Seine
82%
Daniel Balavoine Où même le tout-Paris s'étonne Le chanteur
68%
Jacques Brel Mais je te préviens, j'irai pas à Paris Vesoul
68%
Jacques Dutronc Paris by night, regagne les cars Il est 5 heures
59%
Jacques Brel Et Paris qui bat la mesure La Valse A Mille Temps
55%
Michel Delpech Je leur dis qu'il faut que j'rentre sur Paris Le Loir et Cher
55%
Bruno Pelletier Paris la belle en l'an de Dieu Le Temps des Cathédrales
50%
Étienne Daho Paris est sous la pluie Weekend à Rome
50%
Charles Aznavour J'étais certain de conquérir Paris J'me voyais déjà
45%
Slimane Un jour à Paris je chanterai que j'l'aime Paname
45%
Florent Pagny De Harlem à Paris, s'engouffrer dans un train Châtelet Les Halles
18%
Pierre Bachelet Et de monter à Paris, t'inscrire à la fac Vingt ans
18%
Michel Sardou Et que toutes les filles d'ici habitent au Casino d'Paris. J'habite en France
14%
Joe Dassin Dans Paris à vélo on dépasse les autos La Complainte de l’heure de pointe
14%
Pierre Bachelet Et par la fenêtre, on voit Paris Marionnettiste
9%
Patricia Kaas Et si Paris m'le prend, c'est qu'c'est vraiment une star Quand Jimmy dit
9%
Damien Saez Ils resteront Paris, Paris se souviendra Les Enfants Paradis
5%
Aucun quiz correspondant
Distribution des résultats
% des personnes avec chaque résultat
Percentile par nombre de réponses
Votre historique - résultats
Vous n’avez pas pris ce quiz